Эффективный АПК. 2023, № 7 (25) (спец. вып.): Северо-Кавказский федеральный округ (Запись № 12711452)

Подробности
000 -МАРКЕР
контрольное поле 01000nam2a2200205 4500
001 - ИДЕНТИФИКАТОР ЗАПИСИ
контрольное поле RU\NLR\PER_A\012430353_000490
005 - ИДЕНТИФИКАТОР ВЕРСИИ
контрольное поле 20250625115008.0
035 ## - ДРУГИЕ СИСТЕМНЫЕ НОМЕРА
Идентификатор записи (NLR Aleph) 022089006
100 ## - ДАННЫЕ ОБЩЕЙ ОБРАБОТКИ
Данные общей обработки 20231205d2023 |||y0rusy50 ca
101 0# - ЯЗЫК РЕСУРСА
Язык текста, звукозаписи и т.д. русский
102 ## - СТРАНА ПУБЛИКАЦИИ ИЛИ ПРОИЗВОДСТВА
Страна публикации Российская Федерация
200 1# - ЗАГЛАВИЕ И СВЕДЕНИЯ ОБ ОТВЕТСТВЕННОСТИ
Основное заглавие Северо-Кавказский федеральный округ
210 ## - ПУБЛИКАЦИЯ, РАСПРОСТРАНЕНИЕ И ДР.
Дата издания, распространения и т.д. 2023
Место издания, распространения и т.д. Б. м.
461 #0 - УРОВЕНЬ НАБОРА
Встроенное поле 001RU\NLR\BIBL_A\012430353
-- 2001#$aЭффективный АПК$eвсероссийский научно-публицистический журнал для профессионалов$v2023, № 7 (25) (спец. вып.)
Системный номер (АБИС) связанной записи 11871741
Место публикации Ставрополь
Дата публикации 2020 -
Имя издателя, распространителя и т.д. Юг Кавказ Медиа
Сведения, относящиеся к заглавию всероссийский научно-публицистический журнал для профессионалов
Заглавие Эффективный АПК
Номер тома 2023, № 7 (25) (спец. вып.)
852 ## - МЕСТОНАХОЖДЕНИЕ И ШИФР ХРАНЕНИЯ
Идентификатор организации NLR
Шифр хранения (Call Number) П24/560
942 ## - ДОПОЛНИТЕЛЬНЫЕ ЭЛЕМЕНТЫ ЗАПИСИ (АБИС)
Тип экземпляра АБИС Выпуск
980 ## - КОЛЛЕКЦИЯ
Название коллекции Национальная библиография
980 ## - КОЛЛЕКЦИЯ
Название коллекции Русская периодика

Нет доступных экземпляров.